00528cam a2200181 a 4500001000800000005001700008008004100025010001700066020002200083040003000105041000800135080001700143082002100160100000700181101000800188245011800196504003200314189515820180221033931.0840222s1984 gw b 000 0 eng  a 84001409  a0387132902 (U.S.) aDLCcDLCdDLCdOCoLCdDLC aeng a330.0924 SEI00a330.0924 SEI219 a52 aEKO00aLectures on Schumpeterian economics :cedited by Christian Seidl ; with contributions by Karl Acham ... [et al.]. aBibliography: p. [207]-219.